ბათუმის შოთა რუსთაველის სახელმწიფო უნივერსიტეტის ბიბლიოთეკა

მანქანათა ნაწილები. (ბიბ.ჩანაწერი № 35436)

000 -LEADER
fixed length control field 01301nam a2200229Ia 4500
001 - CONTROL NUMBER
control field 1294
003 - CONTROL NUMBER IDENTIFIER
control field GE_BSU
008 - FIXED-LENGTH DATA ELEMENTS--GENERAL INFORMATION
fixed length control field 181216s||||||||xx |||||||||||||| ||und||
040 ## - CATALOGING SOURCE
Transcribing agency GE_BSU
080 ## - UNIVERSAL DECIMAL CLASSIFICATION NUMBER
Universal Decimal Classification number 621.81(075.8)
100 ## - MAIN ENTRY--PERSONAL NAME
Personal name ეზიკაშვილი, ო; ჭელიძე, დ; ხვინგია, მ;
245 ## - TITLE STATEMENT
Title მანქანათა ნაწილები.
245 ## - TITLE STATEMENT
Remainder of title შეერთებები,ღერძები,ლილვები, საკისრები, ქუროები და ზამბარები. (გაანგარიშების ტიპიური მაგალითები და საკონტროლო ამოცანები). დამხმ. სახელობის პოლიტექნიკური ინ-ტის. სტუდენტებისათვის.
260 ## - PUBLICATION, DISTRIBUTION, ETC.
Place of publication, distribution, etc. თბილისი
260 ## - PUBLICATION, DISTRIBUTION, ETC.
Name of publisher, distributor, etc. განათლება
260 ## - PUBLICATION, DISTRIBUTION, ETC.
Date of publication, distribution, etc. 1968
300 ## - PHYSICAL DESCRIPTION
Extent 326 გვ. 21 სმ.
653 ## - INDEX TERM--UNCONTROLLED
Uncontrolled term მანქანათა ნაწილები.
653 ## - INDEX TERM--UNCONTROLLED
Uncontrolled term შეერთებები,ღერძები,ლილვები, საკისრები, ქუროები და ზამბარები.
942 ## - ADDED ENTRY ELEMENTS (KOHA)
Koha item type წიგნი
ეგზემპლარები
Withdrawn status Lost status Damaged status Not for loan Date acquired Barcode Date last seen Price effective from Koha item type
        2018-12-17 2766 2018-12-17 2018-12-17 წიგნი